00390nam a22001457a 4500003000400000005001700004008004100021020001900062040001800081082001900099100002100118245005200139260004400191300000900235OSt20200606120141.0191031b ||||| |||| 00| 0 eng d a 9788189367183 cMESKC library a891.438bBHA/S aBharadwaj, Hethu aSanskriti Shiksha Aur Cinema /cHethu Bhardwaj  aJaipur : bManthan Publications, c2012 a152p